00824nam a2200241Ia 4500001000600000003000900006008004100015040001300056040001300069041001300082100001600095100002800111245004000139245003400179250001100213260001000224260001500234260004900249300005900298500016200357650003200519650003100551 2272IT-RoPAU130308s9999 xx 000 0 und d aIT-RoPAU cIT-RoPAU aFRANCESE aVernet Marc gCodice Aut. SPICS: 74 aTransaction filmique (La)-Volume II bCinema Americain (Le)-2 Voll. a1a ed. aPARIS bFlammarion c1980 [1° Ed.:1980 - Ed.Ling.Originale:1980] a"22 p. (prefazione: no ; testo: 22 [pagine: 123-144])" aCinema Americano Transazione Filmica Assurance Sur la Mort le grand Sommeil la Dame De Shanghai Pendez Moi haut Et Court la Femme a Abattre le Faucon Maltais aSTORIA NAZIONALE DEL CINEMA eCodice materia Spics: 6809